Sas Józsefné Berta Erzsébet színművésznő elhunyt
Elmentve itt :
| Dokumentumtípus: | Cikk |
|---|---|
| Megjelent: |
1976-08-10
|
| Sorozat: | Délmagyarország
66 No. 188 |
| Kulcsszavak: | Berta Erzsébet, Sas Józsefné |
| Online Access: | http://dmarchiv.bibl.u-szeged.hu/92289 |
| LEADER | 00442nab a2200145 i 4500 | ||
|---|---|---|---|
| 001 | delm92289 | ||
| 005 | 20190503111235.0 | ||
| 008 | 190503s1976 hu o 0|| hun d | ||
| 040 | |a SZTE Délmagyarország Archívum |b hun | ||
| 041 | |a hun | ||
| 245 | 0 | 0 | |a Sas Józsefné Berta Erzsébet színművésznő elhunyt |h [elektronikus dokumentum] |
| 260 | |c 1976-08-10 | ||
| 300 | |a 8 | ||
| 490 | 0 | |a Délmagyarország |v 66 No. 188 | |
| 695 | |a Berta Erzsébet, Sas Józsefné | ||